[Event "VI Weekend"]
[Site "Castelfidardo ITA"]
[Date "2002.10.26"]
[Round "4"]
[White "Rinaudo, Andrea"]
[Black "Bontempi, Piero"]
[Result "0-1"]
[WhiteElo "1873"]
[BlackElo "2316"]
[PlyCount "76"]
[EventDate "2002.10.19"]

1. e4 c5 2. Nf3 d6 3. Bb5+ Nd7 4. O-O Ngf6 5. Qe2 g6 6. e5 dxe5 7. Qxe5 Qb6 8.
Nc3 Qxb5 9. Nxb5 Nxe5 10. Nxe5 Nd5 11. c4 a6 12. Nc3 Nxc3 13. bxc3 f6 14. Nf3
Be6 15. d3 Rd8 16. Re1 Kf7 17. Re3 h5 18. Ne1 Bf5 19. h4 Rd7 20. Kf1 e5 21. a4
Bh6 22. Rg3 Bf4 23. Bxf4 exf4 24. Rf3 g5 25. d4 Be4 26. Rh3 g4 27. Rh2 cxd4 28.
cxd4 Rxd4 29. f3 Bf5 30. fxg4 hxg4 31. Rc1 Rc8 32. h5 Kg7 33. h6+ Kh7 34. a5
Rcxc4 35. Rxc4 Rxc4 36. Rh5 Rc5 37. Kf2 g3+ 38. Kf3 Be4+ 0-1

[Event "VI Weekend"]
[Site "Castelfidardo ITA"]
[Date "2002.10.26"]
[Round "4"]
[White "Rotoni, Matteo"]
[Black "Giobbi, Costantino"]
[Result "1/2-1/2"]
[WhiteElo "2105"]
[BlackElo "1734"]
[PlyCount "94"]
[EventDate "2002.10.19"]

1. e4 g6 2. d4 Bg7 3. Nc3 c6 4. Be3 d5 5. Qd2 dxe4 6. Nxe4 Nd7 7. Bc4 Nb6 8.
Bb3 Nd5 9. Bg5 h6 10. Bh4 Ngf6 11. f3 Bf5 12. Nxf6+ Bxf6 13. Bxf6 Nxf6 14.
O-O-O Qd6 15. Ne2 Be6 16. c4 g5 17. g4 O-O-O 18. h4 Rhg8 19. hxg5 hxg5 20. Qa5
Kb8 21. Kb1 Rc8 22. Nc3 Qg3 23. Rhf1 Rcd8 24. d5 cxd5 25. cxd5 Bc8 26. Qb4 Qd6
27. Qd4 e5 28. Qe3 a6 29. Rfe1 Rde8 30. Qf2 Rd8 31. Qg3 Rde8 32. Ne4 Nxe4 33.
fxe4 f6 34. Rf1 Rgf8 35. Rf2 Rh8 36. Rdf1 Rh6 37. Bd1 Bd7 38. Rh2 Reh8 39. Rfh1
Rxh2 40. Rxh2 Rxh2 41. Qxh2 Qb6 42. Qd2 Qg1 43. Qe2 Ba4 44. b3 Bb5 45. Qf3 Qd4
46. Bc2 Qg1+ 47. Bd1 Qd4 1/2-1/2

[Event "VI Weekend"]
[Site "Castelfidardo ITA"]
[Date "2002.10.26"]
[Round "4"]
[White "Santurbano, Maria Vincenza"]
[Black "Fioravanti, Emidio"]
[Result "0-1"]
[WhiteElo "1731"]
[BlackElo "1774"]
[PlyCount "80"]
[EventDate "2002.10.19"]

1. e4 c5 2. Nf3 d6 3. d4 cxd4 4. Nxd4 Nf6 5. Nc3 g6 6. Be2 Bg7 7. Be3 Nc6 8.
Qd2 Bd7 9. O-O a6 10. f4 Qc7 11. Kh1 Rc8 12. f5 Ne5 13. fxg6 hxg6 14. Bg5 Neg4
15. h3 d5 16. e5 Qxe5 17. Bxg4 Nxg4 18. Nf3 Qd6 19. Rae1 Bxc3 20. bxc3 f6 21.
Kg1 Qc5+ 22. Be3 Nxe3 23. Rxe3 O-O 24. Nh4 Kg7 25. Kh1 e5 26. Rg3 Be8 27. Nf5+
Kf7 28. Nh4 Qc4 29. Rf2 Qxh4 30. Rg4 Qh8 31. Qxd5+ Kg7 32. Qxb7+ Bf7 33. Qe7
Rc6 34. Qd7 Rfc8 35. Rd2 Qe8 36. Qf5 Be6 37. Qh5 Bxg4 38. Qxg4 R8c7 39. h4 Qe6
40. Qg3 Rxc3 0-1

[Event "VI Weekend"]
[Site "Castelfidardo ITA"]
[Date "2002.10.26"]
[Round "4"]
[White "Tacconelli, Valentino"]
[Black "Recchi, Antonio"]
[Result "1-0"]
[WhiteElo "1774"]
[BlackElo "1666"]
[PlyCount "75"]
[EventDate "2002.10.19"]

1. e4 c5 2. Nf3 Nc6 3. d4 cxd4 4. Nxd4 Nf6 5. Nc3 d6 6. Be2 e6 7. Be3 Be7 8.
O-O O-O 9. Kh1 Bd7 10. f4 Rc8 11. Qe1 a6 12. Qg3 b5 13. a3 Na5 14. e5 Ne8 15.
Rad1 Nc4 16. Bc1 Bh4 17. Qh3 dxe5 18. Nf3 Bf6 19. Bd3 g6 20. Bxc4 Rxc4 21. fxe5
Be7 22. Rd3 Qc7 23. Qh6 Bc6 24. Ng5 Bxg5 25. Qxg5 h5 26. Qe3 Ng7 27. Qe2 Nf5
28. Rf2 Rg4 29. Kg1 Nd4 30. Qe3 Rd8 31. h3 Rh4 32. Qg5 Re4 33. Nxe4 Bxe4 34.
Rc3 Qb6 35. Be3 Rf8 36. Qf4 f5 37. exf6 Qb8 38. f7+ 1-0

[Event "VI Weekend"]
[Site "Castelfidardo ITA"]
[Date "2002.10.27"]
[Round "5"]
[White "Bontempi, Piero"]
[Black "Luciani, Valerio"]
[Result "0-1"]
[WhiteElo "2316"]
[BlackElo "2152"]
[PlyCount "86"]
[EventDate "2002.10.19"]

1. e4 c5 2. Nf3 d6 3. d4 cxd4 4. Nxd4 Nf6 5. Nc3 a6 6. f3 e5 7. Nb3 Be7 8. Be3
Be6 9. Nd5 Nxd5 10. exd5 Bf5 11. Bd3 Bxd3 12. Qxd3 O-O 13. O-O Nd7 14. c4 Rc8
15. Rad1 Bg5 16. Bf2 f5 17. Rfe1 b6 18. c5 Nxc5 19. Bxc5 bxc5 20. Qxa6 Ra8 21.
Qc4 Qb6 22. Ra1 Rfb8 23. Re2 Qa6 24. Qxa6 Rxa6 25. Nc1 Bxc1 26. Rxc1 Rxa2 27.
Rcc2 Rb3 28. Kf2 Rd3 29. Red2 Rxd2+ 30. Rxd2 Ra4 31. Ke3 Kf7 32. g3 g5 33. Rc2
f4+ 34. Ke2 Kf6 35. Rc3 e4 36. h4 h6 37. hxg5+ hxg5 38. gxf4 gxf4 39. fxe4
Rxe4+ 40. Kf3 Ke5 41. Rc1 Re3+ 42. Kg4 Rg3+ 43. Kh4 Kxd5 0-1

[Event "VI Weekend"]
[Site "Castelfidardo ITA"]
[Date "2002.10.27"]
[Round "5"]
[White "Di Blasio, Walter"]
[Black "Perogio, Lorenzo"]
[Result "0-1"]
[WhiteElo "1537"]
[BlackElo "1518"]
[PlyCount "126"]
[EventDate "2002.10.19"]

1. d4 Nf6 2. c4 e6 3. Nc3 Bb4 4. Qc2 c5 5. a3 Bxc3+ 6. Qxc3 cxd4 7. Qxd4 Nc6 8.
Qh4 Qb6 9. Nf3 Na5 10. b4 Nb3 11. Be3 Qa6 12. Ra2 d5 13. Ne5 Ne4 14. f3 Nc3 15.
Rc2 Qxa3 16. Nd3 Qa1+ 17. Bc1 Na2 18. Qf4 Nbxc1 19. Nxc1 Nxb4 20. Qd2 Nxc2+ 21.
Qxc2 Qa5+ 22. Kf2 Qc5+ 23. e3 Bd7 24. Nb3 Qc7 25. Bd3 dxc4 26. Rc1 Qxh2 27.
Qxc4 O-O 28. Qc7 Qxc7 29. Rxc7 Bc6 30. Na5 Rac8 31. Re7 Rfe8 32. Nxc6 bxc6 33.
Rxa7 c5 34. Ra4 g6 35. f4 Red8 36. Bc4 h5 37. g3 Rd6 38. Kf3 Rb6 39. Ra7 Rb4
40. Ba2 c4 41. Bxc4 Rbxc4 42. Ra6 Rc3 43. Kf2 Rb3 44. Ra2 Kg7 45. Kf3 Kf6 46.
Kf2 Kf5 47. Ra5+ Kf6 48. Ra2 Rc5 49. Kf3 Rcc3 50. Re2 g5 51. Re1 g4+ 52. Kf2
Rb2+ 53. Re2 Rcc2 54. Rxc2 Rxc2+ 55. Kf1 Kf5 56. Ke1 Ke4 57. Kd1 Rh2 58. f5
Kxe3 59. f6 Kf3 60. Kc1 Ke3 61. Kd1 Rg2 62. Kc1 Kd3 63. Kb1 Kc3 0-1

[Event "VI Weekend"]
[Site "Castelfidardo ITA"]
[Date "2002.10.27"]
[Round "5"]
[White "Giobbi, Costantino"]
[Black "Rinaudo, Andrea"]
[Result "1-0"]
[WhiteElo "1734"]
[BlackElo "1873"]
[PlyCount "83"]
[EventDate "2002.10.19"]

1. e4 c5 2. Nf3 d6 3. d4 cxd4 4. Nxd4 Nf6 5. Nc3 a6 6. Be2 e5 7. Nb3 Be7 8. O-O
O-O 9. a4 b6 10. Be3 Bb7 11. Nd5 Nxd5 12. exd5 f5 13. f4 g5 14. fxe5 dxe5 15.
a5 b5 16. c4 bxc4 17. Bxc4 Kh8 18. Nc5 Bxc5 19. Bxc5 Rf6 20. Qd3 Nd7 21. Bb4 f4
22. Rae1 Rc8 23. b3 g4 24. Bc3 Qc7 25. Qe4 Rcf8 26. Bxe5 Nxe5 27. Qxe5 Qxe5 28.
Rxe5 h6 29. Re6 Rxe6 30. dxe6 f3 31. gxf3 gxf3 32. Kf2 Kg7 33. Rd1 Kf6 34. Rd7
Bc6 35. Rf7+ Rxf7 36. exf7 Ke7 37. Bxa6 Kxf7 38. Bc8 Ke7 39. Bg4 Kd6 40. Bxf3
Bb5 41. Be2 Bc6 42. b4 1-0

[Event "VI Weekend"]
[Site "Castelfidardo ITA"]
[Date "2002.10.27"]
[Round "5"]
[White "Gori, Giuseppe"]
[Black "Cavatassi, Alessio"]
[Result "0-1"]
[WhiteElo "1500"]
[BlackElo "1344"]
[PlyCount "84"]
[EventDate "2002.10.19"]

1. Nf3 e6 2. c4 Bc5 3. a3 a6 4. d4 Ba7 5. e4 Ne7 6. Nc3 c5 7. d5 O-O 8. Bd3 d6
9. Qc2 e5 10. O-O h6 11. h3 f5 12. exf5 Bxf5 13. Ne4 Kh8 14. Be3 Bxe4 15. Bxe4
Nd7 16. Rae1 Nf6 17. Bd2 b5 18. b3 Rb8 19. Qc1 Nxe4 20. Rxe4 Ng8 21. Rfe1 Rb7
22. Rh4 Rxf3 23. Ree4 Rff7 24. Bg5 Qf8 25. Qe3 b4 26. a4 a5 27. Qe2 Bb6 28. f4
Bc7 29. g4 Bd8 30. Bxd8 Qxd8 31. g5 Rxf4 32. Rhxf4 exf4 33. h4 Re7 34. gxh6
gxh6 35. Qb2+ Rg7+ 36. Kf1 Qxh4 37. Qf2 Qh1+ 38. Ke2 Rg2 39. Qxg2 Qxg2+ 40. Kd3
Qf3+ 41. Kd2 Qxe4 42. Kd1 Qg2 0-1

[Event "VI Weekend"]
[Site "Castelfidardo ITA"]
[Date "2002.10.27"]
[Round "5"]
[White "Guglielmi, Dante"]
[Black "Palmizi, Alessandro"]
[Result "0-1"]
[WhiteElo "1711"]
[BlackElo "1576"]
[PlyCount "138"]
[EventDate "2002.10.19"]

1. c4 e6 2. Nf3 g6 3. g3 b6 4. Bg2 Bb7 5. O-O Bg7 6. Nc3 Ne7 7. d4 d6 8. Bg5 h6
9. Bc1 Nd7 10. Qd2 f5 11. b3 Nf6 12. Bb2 Qc8 13. a4 a5 14. Nb5 Ne4 15. Qc2 c6
16. Nc3 Nxc3 17. Bxc3 d5 18. c5 Qd8 19. b4 axb4 20. Bxb4 b5 21. axb5 cxb5 22.
Qb2 Bc6 23. Rxa8 Qxa8 24. Ra1 Qb7 25. Qa3 Kf7 26. Qa7 Ra8 27. Qxa8 Qxa8 28.
Rxa8 Bxa8 29. e3 Nc6 30. Bc3 b4 31. Bb2 Na5 32. Nd2 Bc6 33. Bf1 Bf6 34. Be2 Bd8
35. Kf1 Bc7 36. Ke1 Ba4 37. Bd3 Nc6 38. f4 Ba5 39. Ke2 Bd8 40. Ba6 Na7 41. Nf3
Bc7 42. Ne5+ Bxe5 43. fxe5 Bb5+ 44. Bxb5 Nxb5 45. Kd2 g5 46. Kc2 Na7 47. Kb3
Nc6 48. Bc1 h5 49. Bd2 f4 50. exf4 g4 51. Be3 Ke7 52. Ka4 Kd7 53. Bf2 Kc7 54.
Be3 Kd7 55. Kb3 Ke7 56. Kc2 Kd7 57. Kd3 Ne7 58. Bd2 Nc6 59. Bc1 Na5 60. f5 exf5
61. Ke3 Ke6 62. Bd2 Nc4+ 63. Kd3 b3 64. Kc3 b2 65. Kc2 Nxd2 66. Kxb2 Nf3 67. c6
Nxd4 68. c7 Kd7 69. Kc3 Ne6 0-1

[Event "VI Weekend"]
[Site "Castelfidardo ITA"]
[Date "2002.10.27"]
[Round "5"]
[White "Marconi, Andrea"]
[Black "Acciaioli, Fabio"]
[Result "1-0"]
[WhiteElo "1519"]
[BlackElo "1524"]
[PlyCount "113"]
[EventDate "2002.10.19"]

1. Nf3 Nf6 2. b3 g6 3. Bb2 Bg7 4. e3 O-O 5. Be2 c5 6. O-O Nc6 7. d4 cxd4 8.
Nxd4 d6 9. Nd2 Bd7 10. a3 Rc8 11. c4 Re8 12. b4 a6 13. Rc1 e5 14. N4b3 Nb8 15.
b5 b6 16. a4 a5 17. Bf3 Be6 18. Rc2 Bf5 19. e4 Be6 20. Re1 Nbd7 21. Qc1 Qc7 22.
Be2 d5 23. f3 d4 24. Bd3 Bh6 25. Qd1 Nc5 26. Nxc5 Qxc5 27. Qa1 Nd7 28. Re2 Bf8
29. g4 Qb4 30. Nb1 Nc5 31. Red2 Nxd3 32. Rxd3 Bxc4 33. Rd1 Qb3 34. Rdc1 Bh6 35.
Nd2 Bxd2 36. Rxd2 Qxf3 37. Rdc2 Qxg4+ 38. Kf2 Qf4+ 39. Kg1 Qe3+ 40. Rf2 Qxe4
41. Re1 Qd5 42. h4 Bd3 43. Qd1 Bf5 44. h5 d3 45. Ref1 Qe4 46. Bc1 Rc2 47. Bd2
Bg4 48. Qa1 Be6 49. Qd1 Bd5 50. Rh2 f5 51. hxg6 hxg6 52. Rff2 Qg4+ 53. Qxg4
fxg4 54. Rh6 g3 55. Rxg6+ Kh7 56. Rxg3 Rg8 57. Rh2# 1-0

[Event "VI Weekend"]
[Site "Castelfidardo ITA"]
[Date "2002.10.27"]
[Round "5"]
[White "Mircoli, Filippo"]
[Black "Padovani, Alessio"]
[Result "1/2-1/2"]
[WhiteElo "1591"]
[BlackElo "1635"]
[PlyCount "100"]
[EventDate "2002.10.19"]

1. e4 e5 2. Nf3 Nc6 3. Bb5 a6 4. Ba4 Nf6 5. O-O d6 6. Re1 b5 7. Bb3 Be6 8. Bxe6
fxe6 9. c3 Be7 10. d4 exd4 11. cxd4 O-O 12. Nc3 h6 13. a3 Nh7 14. Qb3 Rf6 15.
Qc2 Qf8 16. Nxb5 Na5 17. Nc3 Rxf3 18. gxf3 Bg5 19. Qd3 Nb3 20. f4 Bxf4 21. Bxf4
Qxf4 22. Ne2 Qg4+ 23. Ng3 Nxa1 24. Rxa1 Ng5 25. Kg2 Qh3+ 26. Kh1 Rf8 27. Qf1
Qg4 28. Qg2 Rf4 29. Re1 Nf3 30. Rc1 Nxd4 31. h3 Qf3 32. Qxf3 Rxf3 33. Kg2 Rf7
34. Rc4 Nf3 35. Rc3 Ne5 36. Ne2 c5 37. b4 cxb4 38. axb4 Rb7 39. Nd4 Kf7 40. f4
Ng6 41. f5 exf5 42. Nxf5 Rxb4 43. Nxd6+ Ke6 44. Rc6 Kd7 45. Rxa6 Rb3 46. Nf5
Nf4+ 47. Kf2 Nxh3+ 48. Ke2 Nf4+ 49. Kd2 g6 50. Nxh6 Rh3 1/2-1/2

[Event "VI Weekend"]
[Site "Castelfidardo ITA"]
[Date "2002.10.27"]
[Round "5"]
[White "Morici, Marco"]
[Black "Rotoni, Matteo"]
[Result "0-1"]
[WhiteElo "1621"]
[BlackElo "2105"]
[PlyCount "44"]
[EventDate "2002.10.19"]

1. c4 e5 2. Nc3 Nc6 3. Nf3 d6 4. g3 g6 5. Bg2 Bg7 6. O-O f5 7. d3 h6 8. a3 a5
9. Rb1 Nf6 10. b3 O-O 11. Bb2 g5 12. e3 Bd7 13. d4 Qe8 14. Nb5 Rc8 15. dxe5
dxe5 16. Nc3 e4 17. Ne1 Ne5 18. Nd5 Bc6 19. f3 Rd8 20. fxe4 fxe4 21. Nxf6+ Rxf6
22. Rxf6 Rxd1 0-1

[Event "VI Weekend"]
[Site "Castelfidardo ITA"]
[Date "2002.10.27"]
[Round "5"]
[White "Recchi, Antonio"]
[Black "Voicu, Joan Paul"]
[Result "0-1"]
[WhiteElo "1666"]
[BlackElo "1614"]
[PlyCount "52"]
[EventDate "2002.10.19"]

1. c4 Nf6 2. Nc3 e6 3. e4 d5 4. e5 Nfd7 5. d4 c5 6. f4 Nc6 7. Nf3 cxd4 8. Nxd4
Nxd4 9. Qxd4 Bc5 10. Qd1 O-O 11. cxd5 exd5 12. Nxd5 Nxe5 13. fxe5 Qh4+ 14. g3
Qe4+ 15. Qe2 Qxh1 16. Nc7 Bb4+ 17. Bd2 Bxd2+ 18. Qxd2 Qe4+ 19. Be2 Rb8 20. Qf4
Qh1+ 21. Bf1 Qxh2 22. O-O-O Be6 23. Kb1 Rbc8 24. Rc1 Rfd8 25. Nb5 Bf5+ 26. Qxf5
Rxc1+ 0-1

[Event "VI Weekend"]
[Site "Castelfidardo ITA"]
[Date "2002.10.27"]
[Round "5"]
[White "Rinaudo, Sergio"]
[Black "Tacconelli, Valentino"]
[Result "0-1"]
[WhiteElo "1864"]
[BlackElo "1774"]
[PlyCount "66"]
[EventDate "2002.10.19"]

1. d4 Nf6 2. Nf3 d6 3. Nbd2 Bf5 4. e3 Nbd7 5. c4 e5 6. Be2 h6 7. d5 a5 8. b3
Be7 9. Bb2 Nc5 10. Nb1 Nfe4 11. Nc3 O-O 12. O-O Bg6 13. Nd2 Nxc3 14. Bxc3 f5
15. a3 f4 16. b4 axb4 17. axb4 Rxa1 18. Qxa1 Nd3 19. e4 f3 20. Bxd3 fxg2 21.
Kxg2 Bh5 22. f4 exf4 23. Bxg7 Rf7 24. Bxh6 Bf6 25. Qe1 Bh4 26. Qc1 Kh7 27. Bxf4
Rxf4 28. e5+ Kh8 29. e6 Qg5+ 30. Kh1 Bf2 31. Qa1+ Bd4 32. Qa8+ Kg7 33. e7 Rxf1+
0-1

[Event "VI Weekend"]
[Site "Castelfidardo ITA"]
[Date "2002.10.27"]
[Round "5"]
[White "Silvestri, Giorgio"]
[Black "Cerusico, Carlo"]
[Result "1-0"]
[WhiteElo "1648"]
[BlackElo "1404"]
[PlyCount "61"]
[EventDate "2002.10.19"]

1. d4 d5 2. c4 e6 3. g3 Nf6 4. Bg2 h6 5. Nf3 Be7 6. O-O O-O 7. Nbd2 Re8 8. b3
c5 9. cxd5 Nxd5 10. Bb2 Nc6 11. dxc5 Bxc5 12. Qc2 Bd6 13. a3 Bd7 14. Nc4 Bc7
15. Rad1 b5 16. Nce5 Nxe5 17. Bxe5 Bb6 18. e4 Rc8 19. Qd2 Bxf2+ 20. Qxf2 Nc3
21. Bxc3 Rxc3 22. Ne5 Qb6 23. Qxb6 axb6 24. Nxd7 Rxb3 25. Nxb6 Rxa3 26. Nd7 e5
27. Rb1 Re7 28. Nb6 Ra5 29. Nd5 Rb7 30. Rb4 f6 31. Rfb1 1-0

[Event "VI Weekend"]
[Site "Castelfidardo ITA"]
[Date "2002.10.27"]
[Round "6"]
[White "Acciaioli, Fabio"]
[Black "Di Blasio, Walter"]
[Result "1-0"]
[WhiteElo "1524"]
[BlackElo "1537"]
[PlyCount "83"]
[EventDate "2002.10.19"]

1. d4 d5 2. Nf3 Nf6 3. Bg5 e6 4. e3 Be7 5. Nbd2 h6 6. Bh4 O-O 7. Bd3 b6 8. Ne5
Bb7 9. c3 Nbd7 10. Ndf3 a6 11. Bg3 c5 12. Rc1 c4 13. Bb1 b5 14. Qc2 Ne4 15.
Nxd7 Qxd7 16. Ne5 Qd8 17. f3 Nf6 18. h4 Re8 19. h5 Bd6 20. Rh4 a5 21. Kf2 Qc7
22. Rch1 Rac8 23. Bf4 Kf8 24. g4 Ng8 25. g5 hxg5 26. Bxg5 Bxe5 27. dxe5 Qxe5
28. Rg1 f5 29. Bf4 Qf6 30. Bd6+ Ne7 31. Rf4 Rc6 32. Rg6 Qxg6 33. Bxe7+ Rxe7 34.
hxg6 Kg8 35. e4 dxe4 36. fxe4 fxe4 37. Qxe4 Rc5 38. Qe3 Rh5 39. Be4 e5 40. Rf3
Bxe4 41. Qxe4 Rd7 42. Qa8+ 1-0

[Event "VI Weekend"]
[Site "Castelfidardo ITA"]
[Date "2002.10.27"]
[Round "6"]
[White "Cavatassi, Alessio"]
[Black "Silvestri, Giorgio"]
[Result "0-1"]
[WhiteElo "1344"]
[BlackElo "1648"]
[PlyCount "128"]
[EventDate "2002.10.19"]

1. d4 Nf6 2. Nc3 d5 3. Nf3 e6 4. Bg5 Be7 5. Bxf6 Bxf6 6. e3 O-O 7. e4 dxe4 8.
Nxe4 Be7 9. Bd3 h6 10. O-O Nc6 11. c3 Bd7 12. Bc2 f5 13. Ng3 Qe8 14. d5 Na5 15.
b3 Rd8 16. c4 Bc8 17. Qd2 b6 18. Rad1 Bf6 19. Rfe1 Qf7 20. Ne5 Bxe5 21. Rxe5
Qf6 22. Qe2 g6 23. f4 Rfe8 24. Qe1 Nb7 25. b4 h5 26. Nf1 Kf8 27. h4 exd5 28.
cxd5 Nd6 29. Qc3 Qg7 30. Rxe8+ Rxe8 31. Qxg7+ Kxg7 32. Rc1 Re7 33. Bb3 Bb7 34.
g3 Kf8 35. Kg2 Nb5 36. Kf2 Nd4 37. Re1 Rxe1 38. Kxe1 Nxb3 39. axb3 Bxd5 40. Nd2
Ke7 41. Ke2 Kd6 42. Ke3 c5 43. bxc5+ Kxc5 44. Kd3 Kb4 45. Kc2 b5 46. Kb2 Be4
47. Nf1 a5 48. Ne3 Kc5 49. Kc3 Bf3 50. Nc2 b4+ 51. Kd2 Be4 52. Ne3 Bd5 53. Nxd5
Kxd5 54. Kd3 Kc5 55. Ke3 Kb5 56. Kd4 a4 57. bxa4+ Kxa4 58. Ke5 b3 59. Kf6 b2
60. Kxg6 b1=Q 61. Kxh5 Qd1+ 62. Kg6 Qg4+ 63. Kf7 Qxg3 64. Kf6 Qxf4 0-1

[Event "VI Weekend"]
[Site "Castelfidardo ITA"]
[Date "2002.10.27"]
[Round "6"]
[White "Fioravanti, Diego"]
[Black "Palmizi, Alessandro"]
[Result "1-0"]
[WhiteElo "1855"]
[BlackElo "1576"]
[PlyCount "53"]
[EventDate "2002.10.19"]

1. e4 d6 2. d4 e6 3. Nc3 g6 4. Be3 Bg7 5. Qd2 Ne7 6. Be2 a6 7. h4 h6 8. Nf3 Nd7
9. Nh2 f5 10. g4 fxe4 11. Nxe4 d5 12. Ng3 Nb6 13. Nf3 Nc4 14. Bxc4 dxc4 15. Qe2
Qd5 16. Rd1 O-O 17. Ne5 b5 18. f4 Bf6 19. g5 Bxe5 20. fxe5 Qc6 21. h5 Nf5 22.
Rg1 Nxe3 23. Qxe3 hxg5 24. Ne4 Bb7 25. Nf6+ Rxf6 26. exf6 g4 27. hxg6 1-0

[Event "VI Weekend"]
[Site "Castelfidardo ITA"]
[Date "2002.10.27"]
[Round "6"]
[White "Giobbi, Costantino"]
[Black "Bontempi, Piero"]
[Result "0-1"]
[WhiteElo "1734"]
[BlackElo "2316"]
[PlyCount "92"]
[EventDate "2002.10.19"]

1. e4 c5 2. Nf3 d6 3. d4 cxd4 4. Nxd4 Nf6 5. Nc3 g6 6. Be2 Bg7 7. O-O O-O 8.
Be3 Nc6 9. Nb3 Be6 10. f4 Rc8 11. Bf3 Na5 12. Nxa5 Qxa5 13. Nd5 Bxd5 14. exd5
Nd7 15. c3 Nb6 16. Kh1 Nc4 17. Bc1 Qc5 18. Qe1 Rc7 19. Rf2 b5 20. Re2 Bf6 21.
Qg3 b4 22. cxb4 Qxb4 23. h4 Rfc8 24. Bg4 Rb8 25. h5 Qa5 26. hxg6 hxg6 27. f5
Kg7 28. fxg6 Rh8+ 29. Bh3 fxg6 30. Bg5 Qxd5 31. Bxf6+ exf6 32. Rc1 Rf7 33. Rec2
Ne5 34. Rc8 Qd2 35. R8c2 Qg5 36. Kh2 Qxg3+ 37. Kxg3 f5 38. Rc7 Kf6 39. Rxf7+
Nxf7 40. Rc7 Rh7 41. Rxa7 g5 42. a4 g4 43. Bxg4 Rg7 44. a5 Rxg4+ 45. Kf3 Rb4
46. a6 Rxb2 0-1

[Event "VI Weekend"]
[Site "Castelfidardo ITA"]
[Date "2002.10.27"]
[Round "6"]
[White "Luciani, Valerio"]
[Black "Tacconelli, Valentino"]
[Result "1-0"]
[WhiteElo "2152"]
[BlackElo "1774"]
[PlyCount "113"]
[EventDate "2002.10.19"]

1. d4 Nf6 2. c4 e6 3. g3 Bb4+ 4. Bd2 Be7 5. Bg2 d5 6. Nf3 Nbd7 7. Nc3 c6 8. Qc2
Qc7 9. e4 dxe4 10. Nxe4 Nxe4 11. Qxe4 O-O 12. O-O Re8 13. Rfe1 Bf6 14. Bg5 Bxg5
15. Nxg5 Nf6 16. Qe2 Bd7 17. b3 Rad8 18. Qe5 Qxe5 19. dxe5 h6 20. Nh3 Nh7 21.
Rad1 Bc8 22. c5 Kf8 23. Rd6 Rxd6 24. cxd6 Rd8 25. f4 Ke8 26. Nf2 Nf8 27. Nd3
Nd7 28. b4 Nb6 29. Nc5 Nd7 30. Nb3 Nb6 31. Nd4 Bd7 32. Kf2 Nd5 33. Bxd5 cxd5
34. Rc1 Rc8 35. Rxc8+ Bxc8 36. a4 Bd7 37. b5 Kd8 38. a5 a6 39. b6 Ba4 40. Ke3
Kc8 41. f5 Kd7 42. fxe6+ fxe6 43. h4 Bc6 44. Nb3 Ke8 45. Nc5 Kf7 46. d7 Ke7 47.
d8=Q+ Kxd8 48. Nxe6+ Ke7 49. Nc7 Kd7 50. Kd4 Ke7 51. Nxd5+ Ke6 52. Nc7+ Kf5 53.
e6 Kf6 54. Kc5 Ke7 55. Nxa6 Bf3 56. Nc7 Bg2 57. Nd5+ 1-0

[Event "VI Weekend"]
[Site "Castelfidardo ITA"]
[Date "2002.10.27"]
[Round "6"]
[White "Marconi, Andrea"]
[Black "Morici, Marco"]
[Result "1/2-1/2"]
[WhiteElo "1519"]
[BlackElo "1621"]
[PlyCount "92"]
[EventDate "2002.10.19"]

1. Nf3 Nf6 2. b3 g6 3. Bb2 Bg7 4. e3 O-O 5. Be2 d6 6. O-O c6 7. d4 Nbd7 8. Nbd2
a5 9. c4 b6 10. Rc1 Bb7 11. Qc2 Re8 12. Rfd1 Rc8 13. Qb1 e5 14. dxe5 dxe5 15.
Ng5 Qe7 16. Nde4 Nxe4 17. Nxe4 Red8 18. Nd6 Rb8 19. Bf3 Nc5 20. Nxb7 Qxb7 21.
Ba3 Ne6 22. Qe4 Rbc8 23. Rxd8+ Nxd8 24. Rd1 f5 25. Qh4 Nf7 26. Qe7 Qxe7 27.
Bxe7 e4 28. Be2 Ne5 29. Rd8+ Rxd8 30. Bxd8 Nd7 31. f3 Bf8 32. fxe4 Bc5 33. Kf2
fxe4 34. Bg4 Ne5 35. Be2 h6 36. Bf6 Bd6 37. Bxe5 Bxe5 38. h3 Kf7 39. Bd1 Ke6
40. Bc2 g5 41. Bxe4 c5 42. g4 Bc3 43. Kf3 Bd2 44. Ke2 Bb4 45. Kd3 Ke5 46. Bg6
Ba3 1/2-1/2

[Event "VI Weekend"]
[Site "Castelfidardo ITA"]
[Date "2002.10.27"]
[Round "6"]
[White "Perogio, Lorenzo"]
[Black "Recchi, Antonio"]
[Result "1-0"]
[WhiteElo "1518"]
[BlackElo "1666"]
[PlyCount "107"]
[EventDate "2002.10.19"]

1. e4 c5 2. Nf3 Nc6 3. d4 cxd4 4. Nxd4 Nf6 5. Nc3 d6 6. Bg5 e6 7. f4 Be7 8. Qd2
O-O 9. O-O-O Qa5 10. Kb1 Nxd4 11. Qxd4 a6 12. e5 dxe5 13. Qxe5 b5 14. Bxf6 Bxf6
15. Qe4 Bxc3 16. bxc3 Ra7 17. Bd3 g6 18. Qb4 Qc7 19. h4 a5 20. Qd4 Rd8 21. Qf6
Ba6 22. h5 Qe7 23. Qxe7 Rxe7 24. h6 e5 25. f5 e4 26. Bxe4 Red7 27. Rxd7 Rxd7
28. Bc6 Rd8 29. f6 b4 30. cxb4 axb4 31. Re1 Kf8 32. Kb2 Bc4 33. a3 bxa3+ 34.
Kxa3 Be6 35. Rb1 Rc8 36. Ba4 Ra8 37. Rb4 Bd7 38. c4 Ke8 39. Kb3 Kd8 40. Bxd7
Kxd7 41. Rb7+ Ke6 42. Rb6+ Kf5 43. Kb4 Ra1 44. c5 Ke5 45. Kb5 Rc1 46. Kc6 Ke6
47. Kc7+ Kd5 48. c6 Kc5 49. Kb7 Kd6 50. g4 Rc4 51. Kc8 Kc5 52. Rb7 Rxg4 53. c7
Kd6 54. Kb8 1-0

[Event "VI Weekend"]
[Site "Castelfidardo ITA"]
[Date "2002.10.27"]
[Round "6"]
[White "Rinaudo, Andrea"]
[Black "Santurbano, Maria Vincenza"]
[Result "1-0"]
[WhiteElo "1873"]
[BlackElo "1731"]
[PlyCount "83"]
[EventDate "2002.10.19"]

1. e4 e5 2. Nf3 Nc6 3. Nc3 Nf6 4. Bb5 Bc5 5. O-O O-O 6. d3 d6 7. Bg5 Be6 8. Na4
Bb6 9. Nxb6 axb6 10. a3 Nb8 11. d4 c6 12. Bd3 Nbd7 13. c3 Qc7 14. h3 b5 15. Qe2
h6 16. Be3 Nb6 17. Nd2 Na4 18. Nf3 Nb6 19. dxe5 dxe5 20. Bxb6 Qxb6 21. Nxe5 Qc5
22. Nf3 Rad8 23. Nd4 Rfe8 24. Rfe1 Qg5 25. Qe3 Qh4 26. Rad1 Bc4 27. Bxc4 bxc4
28. f3 Nh5 29. Nf5 Qf6 30. g4 Rxd1 31. Rxd1 Qe5 32. Qd4 Nf4 33. Qxe5 Rxe5 34.
Rd8+ Kh7 35. Nd6 Kg6 36. h4 h5 37. Nxc4 Rb5 38. Kf2 Rb3 39. Rd2 hxg4 40. fxg4
Ne6 41. Ke3 Rb5 42. b4 1-0

[Event "VI Weekend"]
[Site "Castelfidardo ITA"]
[Date "2002.10.27"]
[Round "6"]
[White "Rinaudo, Sergio"]
[Black "Mircoli, Filippo"]
[Result "1-0"]
[WhiteElo "1864"]
[BlackElo "1591"]
[PlyCount "47"]
[EventDate "2002.10.19"]

1. d4 g6 2. e4 Bg7 3. Nf3 d6 4. c3 Nf6 5. Bd3 O-O 6. O-O Nbd7 7. Nbd2 c6 8. b3
e6 9. Ba3 Ne8 10. e5 c5 11. exd6 b6 12. Be4 Rb8 13. Nc4 b5 14. Nce5 Bxe5 15.
Nxe5 Nxe5 16. dxe5 b4 17. cxb4 cxb4 18. Bc1 Bb7 19. Bxb7 Rxb7 20. Bh6 Ng7 21.
Qf3 Qd7 22. Rac1 f6 23. exf6 Qxd6 24. Qxb7 1-0

[Event "VI Weekend"]
[Site "Castelfidardo ITA"]
[Date "2002.10.27"]
[Round "6"]
[White "Rotoni, Matteo"]
[Black "Fioravanti, Emidio"]
[Result "1-0"]
[WhiteElo "2105"]
[BlackElo "1774"]
[PlyCount "97"]
[EventDate "2002.10.19"]

1. e4 c5 2. d4 cxd4 3. c3 dxc3 4. Nxc3 a6 5. Nf3 Nc6 6. Bc4 e6 7. O-O Bb4 8.
Qe2 Nge7 9. a3 Bxc3 10. bxc3 Qc7 11. a4 O-O 12. Rd1 Rd8 13. Ba3 Qf4 14. Bd6 Qh6
15. Bb3 Ng6 16. e5 Qh5 17. Qe3 Kh8 18. Bc2 Nce7 19. Nd4 Nd5 20. Qe1 Rg8 21. c4
Ndf4 22. g3 Qg4 23. Qe4 Nh3+ 24. Kf1 Qxe4 25. Bxe4 Ng5 26. Bg2 f6 27. exf6 gxf6
28. Rab1 Nf7 29. Ba3 Rb8 30. a5 Nge5 31. Rdc1 Rg4 32. f4 Nd3 33. Rd1 e5 34.
Rxd3 exd4 35. Rxd4 Rg8 36. Bd5 Kg7 37. Re4 d6 38. Re7 Rf8 39. Bxd6 Bh3+ 40. Kf2
Rbd8 41. Ba3 Bc8 42. Rc7 Rfe8 43. Rxf7+ Kg6 44. Re7 Rh8 45. Rb6 h5 46. Bb2 Rhf8
47. Ba3 Rh8 48. Bb4 h4 49. Be4+ 1-0